[Event "84th Tata Steel Masters 2022"]
[Site "Wijk aan Zee"]
[Date "2022.01.22"]
[Round "7.5"]
[White "Duda, Jan-Krzysztof"]
[Black "Caruana, Fabiano"]
[Result "0-1"]
[WhiteElo "2760"]
[BlackElo "2792"]
[Annotator "TA"]
[PlyCount "106"]
[EventDate "2022.01.15"]
[EventType "tourn"]
[EventCountry "NED"]
[Tiebreak "Direct encounter+Number of black games"]
[SourceTitle "playchess.com"]
[Source "ChessBase"]
[SourceQuality "1"]

{[%evp 11,106,-12,6,6,14,0,11,-1,16,20,38,31,32,31,68,24,32,21,47,55,57,59,65,
56,70,35,44,0,0,-27,0,-52,-33,-51,-19,-39,-22,-44,-45,-52,-57,-53,-49,-146,
-149,-158,-167,-185,-85,-129,-120,-193,-128,-158,-167,-134,-175,-156,-141,-135,
-150,-147,-31,-47,-37,-60,0,0,0,0,0,-50,-49,-339,-334,-334,-339,-335,-325,-325,
-302,-301,-293,-277,-276,-343,-332,-568,-568,-560,-544,-1161,-1045,-927,-912,
-1043,-854]} 1. d4 Nf6 2. Nf3 d5 3. Bf4 g6 4. e3 Bg7 5. Be2 O-O 6. Nbd2 c5 7.
c3 {D02: 1 d4 d5 2 Nf3 sidelines, including 2...Nf6 3 g3 and 2...Nf6 3 Bf4.} b6
8. Ne5 Nfd7 9. h4 {[%cal Bh2h4,Bh4h5,Bh5h6][%mdl 32] [#] The position is equal.
} Nxe5 $146 ({Predecessor:} 9... f6 10. Nxd7 Qxd7 11. e4 Bb7 12. h5 Rd8 13.
hxg6 hxg6 14. Qb3 e6 15. e5 f5 {1-0 (37) Parramon Ros,F (2067)-Medina Masdeu,R
(1923) Girona 2012}) 10. Bxe5 Nc6 11. Bxg7 Kxg7 12. h5 Qd6 13. Qa4 (13. dxc5
$14 bxc5 14. Qa4) 13... cxd4 $1 $11 14. exd4 Bf5 15. Nf1 g5 16. Ne3 Bd7 17. h6+
Kh8 {[%cal Oa7a6]} 18. Qb3 e6 19. Rd1 (19. Qd1 $14) 19... Rac8 20. Qc2 f5 21.
c4 (21. Rh5 $11) 21... Ne7 22. Qc3 Ng6 23. b3 Qe7 24. g3 Bc6 25. Rh5 Qf6 26.
Rd2 Ne7 (26... f4 {feels hotter.} 27. Ng4 Qf5 28. Nh2 fxg3 29. fxg3 Qf2+) 27.
Nc2 (27. Qb2 $15) 27... f4 28. gxf4 gxf4 (28... Qxf4 29. Qg3 $11) 29. Kd1 Be8 (
29... dxc4 $19 {has better winning chances. Strongly threatening ...Nd5.} 30.
bxc4 Bd5 $1) 30. Rh3 (30. Re5 $142) 30... Bg6 31. Ne1 (31. Rh1 $17) 31... Bf5 (
31... Nf5 $19 32. Bd3 Nd6 33. Bxg6 hxg6) 32. Rh1 $17 dxc4 33. bxc4 b5 {[%cal
Oe7d5]} 34. c5 Nd5 {[%cal Be7d5,Bd5c3,Bc3b5,Bb5d4][%mdl 32]} 35. Qb2 {[#]} b4
$1 {Black is much more active.} 36. Bd3 a5 ({Black should try} 36... e5 $17 {
aiming for ...e4.} 37. Bxf5 Qxf5) 37. Kc1 $15 Nc3 {Threatens to win with ...
Na4.} 38. Nf3 Rfd8 (38... Ne4 $1 $15) 39. Qc2 $11 Bxd3 {Dancing on a razor
blade.} (39... Bg4 $5 40. Ne5 Rxc5 41. dxc5 (41. Nxg4 $2 Nxa2+ 42. Kb1 Rxc2 $19
) 41... Qxe5 $11) 40. Rxd3 Rd5 41. Ne5 (41. Rxc3 $11 bxc3 42. Qe4) 41... Nb5 $1
$15 42. Rhd1 $2 {[%mdl 8192] [#] Now White is beyond hope.} (42. Qb2 $1 $15)
42... Nxd4 $1 $19 {[%mdl 512]} 43. Rxd4 Rcxc5 ({Stronger than} 43... Rxe5 44.
c6 Rd5 45. Rxd5 exd5 46. Rxd5 (46. c7 Qa1+ 47. Kd2 Qe5 $11) 46... Rxc6 47. Rd8+
Qxd8 48. Qxc6 $11) (43... Qxe5 44. Rxd5 exd5 45. Rxd5 Qa1+ 46. Kd2 $16) 44.
Rxd5 {White wants to mate with Rd8+.} (44. Rc4 Qxe5 45. Rxd5 Qa1+ 46. Kd2 Rxd5+
47. Ke2 Re5+ 48. Re4 f3+ 49. Kxf3 Qh1+ 50. Ke3 Qxh6+ 51. Ke2 Qh5+ 52. Ke3 Qg5+
53. Kd3 Rc5 54. Qb2+ Rc3+ 55. Qxc3+ bxc3 $19) 44... Rxc2+ 45. Kxc2 {White
threatens Rd8+ and mate.} exd5 46. Rxd5 {[%cal Od5d8][%mdl 4096] Endgame [#]
Rd8+! is the strong threat. KQ-KRN} Kg8 $1 47. Rxa5 {Threatening mate with
Ra8+.} Qf5+ ({Inferior is} 47... Qxh6 48. Ra8+ Kg7 49. Ra7+ Kg8 50. Ra8+ Kg7
51. Ra7+ Kg8 52. Ra8+ $11) 48. Kb3 {Ra8+ would kill now.} Qb1+ 49. Kc4 $2 (49.
Ka4 Qxa2+ 50. Kxb4 Qd2+ 51. Ka4) 49... Qe4+ {Black is clearly winning.} 50. Kb3
f3 51. Nc4 Qb1+ 52. Ka4 Qxa2+ 53. Kb5 {[#]} b3 $1 {Weighted Error Value:
White=0.37/Black=0.12 (very precise)} 0-1

[Event "84th Tata Steel Masters 2022"]
[Site "Wijk aan Zee"]
[Date "2022.01.22"]
[Round "7.6"]
[White "Grandelius, Nils"]
[Black "Karjakin, Sergey"]
[Result "1/2-1/2"]
[WhiteElo "2672"]
[BlackElo "2743"]
[Annotator "TA"]
[PlyCount "74"]
[EventDate "2022.01.15"]
[EventType "tourn"]
[EventCountry "NED"]
[Tiebreak "Direct encounter+Number of black games"]
[SourceTitle "playchess.com"]
[Source "ChessBase"]
[SourceQuality "1"]

{[%evp 13,74,13,3,-2,7,0,-10,-12,-5,-12,-15,-12,0,0,0,0,0,0,0,-6,-9,-191,-29,
-33,-41,-20,-20,-20,-20,-22,-18,-108,-31,-153,-155,-145,0,0,0,0,0,0,0,0,0,0,0,
0,0,0,0,0,0,0,0,-8,-8,-8,-14,-8,-5,-20,-45]} 1. e4 e5 2. Nf3 Nf6 3. Nxe5 d6 4.
Nf3 Nxe4 5. Nc3 Nxc3 6. dxc3 Be7 7. Be3 $1 {7.Be3 is better than 7.Bf4.} Nd7 8.
Qd3 {[#] C42: Petroff Defence: 3 Nxe5 and unusual White 3rd moves.} Nc5 $146 ({
Predecessor:} 8... O-O 9. O-O-O Nf6 10. h3 c5 11. Kb1 b5 12. Qxb5 Bd7 13. Qa6
Rb8 14. Bc4 Qc7 15. Bf4 Ne4 {½-½ (84) Zhao,J (2638)-Xu,Y (2527) Xinghua 2021}
) 9. Bxc5 (9. Qe2 {with more complications.} O-O 10. O-O-O Ne4 11. Kb1 Bd7 12.
Qc4) 9... dxc5 10. Qxd8+ Bxd8 11. Bc4 O-O 12. O-O-O Re8 {Prevents Ne5.} 13.
Rhe1 Rxe1 14. Rxe1 {[%cal Re1e8]} Bd7 {To avoid Re8+} 15. h4 Kf8 16. Ng5 b5 17.
Nxh7+ Kg8 18. Bd3 Bxh4 19. g3 Bd8 {...Bc6 is the strong threat.} 20. f4 $1 {
[%cal Bf2f4,Bf4f5][%mdl 32]} f6 21. Bg6 c6 22. c4 {[#]} (22. g4 $11 {keeps the
balance.}) 22... bxc4 ({Black should play} 22... Bc7 $1 $17 23. Re4 (23. Re7
Rd8 $17) 23... Bh3) 23. c3 {[#]} ({Better is} 23. f5 $1 $15) 23... Bc7 $1 $17
24. Re3 Rd8 (24... Bh3 $17 {White must now prevent ...Rd8.} 25. Re7 Bd6) 25. f5
$1 $11 {The position is equal.} Bc8 26. Kc2 Be5 {[%cal Od8d3]} 27. g4 $1 Rd3
28. Re4 {[%cal Oh7g5]} (28. Rxd3 cxd3+ 29. Kxd3 Ba6+ 30. Ke4 Bc4 $19) 28... Rd5
29. a4 a5 30. Re2 Bd7 31. Re4 Bd6 32. Re3 Re5 33. Rxe5 Bxe5 ({But not} 33...
fxe5 34. Ng5 $16) 34. Kb1 Bf4 35. Kc2 Bc8 36. Kb1 Ba6 37. Ka2 Be3 {Weighted
Error Value: White=0.15 (very precise) /Black=0.10 (very precise)} 1/2-1/2

[Event "84th Tata Steel Masters 2022"]
[Site "Wijk aan Zee"]
[Date "2022.01.23"]
[Round "8.1"]
[White "Shankland, Sam"]
[Black "Carlsen, Magnus"]
[Result "1/2-1/2"]
[WhiteElo "2708"]
[BlackElo "2856"]
[Annotator "TA"]
[PlyCount "69"]
[EventDate "2022.01.15"]
[EventType "tourn"]
[EventCountry "NED"]
[Tiebreak "Direct encounter+Number of black games"]
[SourceTitle "playchess.com"]
[Source "ChessBase"]
[SourceQuality "1"]

{[%evp 12,69,50,42,47,28,30,40,35,35,35,25,41,41,35,30,51,29,52,36,90,25,35,14,
17,12,15,0,0,0,0,0,0,0,0,0,0,0,0,-10,-9,-10,-21,-17,-15,-24,-24,-26,-9,-14,-11,
-64,0,0,0,-1,-1,-8,-8,-8]} 1. d4 d5 2. c4 e6 3. Nc3 c5 4. cxd5 cxd4 5. Qa4+ Bd7
6. Qxd4 exd5 7. Qxd5 Nf6 {seems to push 7...Nc6 aside. D32: Tarrasch Defence:
Sidelines and lines without g3.} 8. Qb3 Na6 9. Nf3 {Ng5 is the strong threat.}
({But not} 9. Qxb7 $2 Nb4 10. e4 (10. Rb1 $2 Nc2+ 11. Kd1 Bc8+ 12. Kxc2 Bxb7
$19) 10... Bc5 $19) 9... Nc5 {White is slightly better.} 10. Qc2 Rc8 $1 {
[%cal Oc5e4]} 11. e3 Nce4 12. Bd3 Nxc3 13. bxc3 {[#]} Nd5 $146 ({Predecessor:} 
13... Bd6 14. O-O Qc7 15. Bb2 Bc6 16. Bf5 Bxf3 17. gxf3 Rd8 {1-0 (26) Nita,C 
(1800)-Mosshammer,M (1873) ICCF email 2008}) 14. O-O {With the idea Ne5.} Nxc3
({Weaker is} 14... Rxc3 15. Qb1 $16) 15. Bb2 Bb4 {[%cal Bf8b4,Bb4c3,Bc3f6,
Bf6e7,Be7c5][%mdl 32] [#]} 16. Bxc3 (16. Ne5 $1 $16 {Hoping for Qb3.} Ba4 17.
Qd2) 16... Bxc3 17. Rab1 Bf6 {A strong pair of Bishops.} 18. Qe2 Rc7 19. e4 O-O
20. e5 Be7 21. Nd4 Bc5 22. e6 Bxe6 (22... Bxd4 $2 23. e7 Qc8 24. Qe4 (24.
exf8=B Kxf8 25. Qe4 Bf6 $16) 24... Bxf2+ 25. Rxf2 $18) 23. Nxe6 fxe6 24. Qxe6+
Kh8 $1 25. Qh3 {[%csl Gd3][%cal Rh3h7] [#]} h6 26. Qg3 Rd7 27. Rb3 {Black must
now prevent Qg6.} Rf6 {Prevents Qg6.} 28. h3 b6 29. Be2 Rd2 30. Rd3 Rxd3 31.
Bxd3 (31. Qxd3 $11 Qxd3 32. Bxd3) 31... Qd6 (31... Qd5 $15) 32. Qxd6 $11 {
The position is equal.} Rxd6 33. Rd1 g5 34. Kf1 Kg7 35. Bc2 {Weighted Error
Value: White=0.13 (very precise) /Black=0.05 (flawless)} 1/2-1/2

[Event "84th Tata Steel Masters 2022"]
[Site "Wijk aan Zee"]
[Date "2022.01.23"]
[Round "8.2"]
[White "Mamedyarov, Shakhriyar"]
[Black "Praggnanandhaa R"]
[Result "1-0"]
[WhiteElo "2767"]
[BlackElo "2612"]
[Annotator "TA"]
[PlyCount "91"]
[EventDate "2022.01.15"]
[EventType "tourn"]
[EventCountry "NED"]
[Tiebreak "Direct encounter+Number of black games"]
[SourceTitle "playchess.com"]
[Source "ChessBase"]
[SourceQuality "1"]

{[%evp 9,91,20,8,10,6,10,8,0,3,16,2,4,43,34,37,38,64,59,84,63,137,115,113,53,
178,184,243,232,241,192,184,179,168,175,169,172,164,176,214,195,186,148,217,
136,142,85,85,98,124,83,205,204,202,202,199,205,291,299,350,375,428,500,507,
490,502,497,477,474,599,542,691,727,948,989,955,888,777,888,1979,1912,1845,
1646,1307,1169]} 1. c4 {[%cal Bc2c4,Bc4d5][%mdl 32]} e5 2. g3 c6 3. d4 e4 4.
Qa4 d5 5. cxd5 b5 {[%cal Bb7b5,Bb5b4][%mdl 32]} (5... Qxd5 6. Nc3 Qd8 7. Nxe4
$16) 6. Qb3 {A20: English Opening: 1...e5.} Nf6 {[#]} 7. Bg5 $146 {Hoping for
Nc3.} ({Predecessor:} 7. Bg2 cxd5 8. Bg5 Qa5+ 9. Nc3 b4 10. Qa4+ Qxa4 11. Nxa4
Nbd7 12. Rc1 h6 13. Bxf6 Nxf6 {0-1 (27) Eccles,A-Sherwood,R (2361) ICCF email
2019}) 7... Qa5+ 8. Nc3 {aiming for Bxf6. The position is equal.} b4 $1 9. Nd1
{Black must now prevent Bxf6.} (9. Bxf6 $2 bxc3 10. bxc3 gxf6 $19) 9... Nxd5
10. Bh3 Bxh3 (10... Nd7 {is more complex.} 11. f3 exf3 12. e4 N5f6 13. Bxf6
Nxf6 14. Bxc8 Rxc8 15. Nxf3 Be7) 11. Nxh3 Nd7 12. Rc1 h6 13. Bd2 Rc8 14. f3
N7f6 (14... exf3 $14 15. Qxf3 N5b6) 15. Nhf2 $1 $16 exf3 16. e4 (16. Qxf3 $16
Qxa2 17. e4) 16... Nb6 (16... Qb5 $1 $14 17. Qxf3 Nc7) 17. O-O $1 $18 Be7 {[#]}
(17... h5 {was called for.} 18. e5 (18. Qxf3 Qxa2 19. e5 Qd5 $16) 18... Ng4 19.
Qxf3 Qd5 20. Qxd5 (20. Nxg4 Qxf3 21. Rxf3 hxg4 $16) 20... Nxd5) 18. Ne3 $1 (18.
Qxf3 Qxa2 19. e5 Nh7 $16) 18... Qa4 19. Qd3 {Threatens to win with Nf5.} Qb5
20. Qxb5 cxb5 21. Rxc8+ Nxc8 22. e5 Nd7 23. Nf5 g6 {[#]} 24. Rc1 $1 Ndb6 25.
Nxe7 Nxe7 (25... Kxe7 $16 26. Nd3 (26. Bxb4+ Ke6 $16) 26... Ke6) 26. Bxb4 Nbd5
27. Bxe7 ({White should play} 27. Bd6) 27... Kxe7 $16 {[%mdl 4096] Endgame
KRN-KRN} 28. Ne4 g5 29. h3 (29. g4 $142) 29... f6 (29... f5 $16 30. Nd6 f4) 30.
Rc5 $18 {[%csl LRb5,LRd5]} f5 31. Nd2 ({Inferior is} 31. Rxd5 fxe4 32. Rxb5 (
32. Kf2 $2 Rf8 $19) 32... Ke6 $17) 31... Rd8 32. Nxf3 b4 (32... f4 $142 33. g4
(33. Rxb5 fxg3 34. Rb7+ Ke6 $16) 33... Rd7) 33. Kf2 Nb6 34. Rc6 Rc8 35. Rxc8 {
White is clearly winning.} Nxc8 {KN-KN} 36. h4 g4 37. Ne1 Nb6 38. Ng2 Na4 39.
Ne3 Nxb2 40. Nxf5+ Ke6 41. Nxh6 Nd1+ 42. Ke1 Nc3 43. Nxg4 Nxa2 44. h5 Nc3 45.
Kd2 Ne4+ 46. Kc2 {Weighted Error Value: White=0.08 (flawless) /Black=0.33} 1-0

[Event "84th Tata Steel Masters 2022"]
[Site "Wijk aan Zee"]
[Date "2022.01.23"]
[Round "8.3"]
[White "Esipenko, Andrey"]
[Black "Giri, Anish"]
[Result "0-1"]
[WhiteElo "2714"]
[BlackElo "2772"]
[Annotator "TA"]
[PlyCount "98"]
[EventDate "2022.01.15"]
[EventType "tourn"]
[EventCountry "NED"]
[Tiebreak "Direct encounter+Number of black games"]
[SourceTitle "playchess.com"]
[Source "ChessBase"]
[SourceQuality "1"]

{[%evp 15,98,15,10,10,6,13,19,13,16,12,20,0,18,18,16,16,16,21,17,23,18,18,18,
29,22,15,16,14,17,0,0,0,0,0,0,0,0,0,0,0,0,0,0,0,0,-8,0,-3,-4,-25,-29,-18,-18,
-18,-20,-30,-16,-9,-4,-75,-70,-80,-65,-74,-58,-60,-72,-82,-31,-44,-24,-59,-61,
-74,-63,-610,-602,-585,-547,-1629,-1738,-29991,-29992,-29992,-29993]} 1. e4 e5
2. Nf3 Nc6 3. Bc4 Nf6 4. d3 Bc5 5. c3 O-O 6. O-O d5 7. exd5 Nxd5 8. Re1 Bg4 9.
Nbd2 {C54: Giuoco Piano: 4 c3 Nf6, main lines with 5 d4 and 5 d3.} Nb6 10. h3
Bh5 11. Bb3 {The position is equal. is more profitable than 11.Bb5 at the
moment.} Qxd3 {[#]} 12. Nxe5 $1 Qf5 13. Nef3 $1 ({Wrong is} 13. Ndf3 $2 Nxe5
14. Rxe5 Qxe5 15. Nxe5 Bxd1 16. Bxd1 Rfe8 $19) 13... Rfe8 $5 {[%mdl 4] A
promising side line.} (13... Rae8 $5 {[%cal Rc6e5]}) 14. g4 $1 Bxg4 15. hxg4
Qxg4+ 16. Kh1 Ne5 {...Qh3+ is the strong threat. Really sharp!} 17. Nh2 Qg6 18.
Bc2 ({Don't go for} 18. Ne4 $2 {[#]} Rad8 $1 19. Qxd8 Rxd8 $19) 18... Nd3 19.
Bxd3 Qxd3 {[#]} 20. Ndf3 $146 ({Predecessor:} 20. Nb3 Qxd1 21. Rxd1 Bxf2 22.
Ng4 Bh4 23. Rg1 Kf8 24. Kg2 Be7 25. Rh1 Kg8 26. a4 {½-½ (51) Rohs,R (2318)
-Larsson,M (2287) ICCF email 2016}) 20... Qxd1 21. Rxd1 {[%cal Be1d1,Bd1d2,
Bd2f2,Bf2f5][%mdl 32]} Bxf2 22. Bf4 c6 23. Rd2 Be3 24. Bxe3 Rxe3 25. Nd4 Nc4
26. Rf2 Rae8 27. Raf1 Nd6 28. Nf5 Nxf5 29. Rxf5 f6 30. Kg2 Kf7 31. Rd1 h5 32.
Rf2 g5 {[%mdl 1024] Black has compensation.} 33. Rd7+ R3e7 34. Rd6 Re6 35. Rd7+
R8e7 36. Rd8 g4 37. Rh8 (37. Nf1 $1 $11) 37... Kg6 $17 {Threatens to win with .
..Re8.} 38. Rg8+ Rg7 39. Rf8 Kg5 40. Nf1 h4 $1 {Prevents Ng3.} 41. a4 a5 ({
Black should try} 41... b6 $17) 42. b4 $1 $15 b6 43. bxa5 bxa5 44. Ra8 Re5 45.
Nd2 $2 {[%mdl 8192] This costs White the game.} (45. Rf8 $15) 45... g3 $19 {
[%cal Bg4g3,Bg3g2][%mdl 32] And now ...Kg4 would win.} 46. Nf3+ Kf4 {White
must now prevent ...h3+.} 47. Rf1 h3+ $1 ({Stronger than} 47... Re2+ 48. Kg1 g2
49. Rf2 Rxf2 50. Kxf2 $11) 48. Kxh3 g2 49. Rf2 Ke3 {Weighted Error Value:
White=0.39/Black=0.03 (flawless)} 0-1

[Event "84th Tata Steel Masters 2022"]
[Site "Wijk aan Zee"]
[Date "2022.01.23"]
[Round "8.4"]
[White "Karjakin, Sergey"]
[Black "Rapport, Richard"]
[Result "1/2-1/2"]
[WhiteElo "2743"]
[BlackElo "2763"]
[Annotator "TA"]
[PlyCount "45"]
[EventDate "2022.01.15"]
[EventType "tourn"]
[EventCountry "NED"]
[Tiebreak "Direct encounter+Number of black games"]
[SourceTitle "playchess.com"]
[Source "ChessBase"]
[SourceQuality "1"]

{[%evp 18,45,6,17,30,24,25,20,29,23,22,20,27,20,27,23,20,0,0,0,0,0,0,0,0,0,0,0,
0,0]} 1. e4 e6 2. d4 d5 3. e5 c5 4. c3 Nc6 5. Nf3 Nge7 6. h4 Nf5 7. Bd3 cxd4 8.
Bxf5 exf5 9. cxd4 Be6 10. Nc3 Bb4 {C02: French: Advance Variation.} 11. Bd2
Bxc3 12. Bxc3 {[#]} a5 $146 ({Predecessor:} 12... h6 13. Rc1 Qb6 14. Qd2 Qa6
15. b3 Rc8 16. Ng1 Kd7 17. f4 Rc7 18. Ne2 Rhc8 {½-½ (42) Kholmov,R (2465)
-Vasiukov,E (2460) Moscow 1984}) 13. O-O h6 14. Qd2 Qe7 15. a4 O-O 16. Rfb1 {
[%cal Bf1b1,Bb1b5,Bb5c5][%mdl 32]} Rfc8 17. b4 {[%cal Rb4a5] The position is
equal.} b6 18. bxa5 Nxa5 19. Bxa5 ({Don't blunder} 19. Rxb6 $2 Nc4 20. Rxe6 (
20. Bb4 $2 Qa7 $19) 20... fxe6 $19) 19... bxa5 20. Rb5 Qc7 21. Rc5 Qb6 22. Rb5
Qc7 23. Rc5 {A rather calm draw.  Weighted Error Value: White=0.03 (flawless) /
Black=0.02 (flawless)} 1/2-1/2

[Event "84th Tata Steel Masters 2022"]
[Site "Wijk aan Zee"]
[Date "2022.01.23"]
[Round "8.5"]
[White "Vidit, Santosh Gujrathi"]
[Black "Grandelius, Nils"]
[Result "1-0"]
[WhiteElo "2727"]
[BlackElo "2672"]
[Annotator "TA"]
[PlyCount "67"]
[EventDate "2022.01.15"]
[EventType "tourn"]
[EventCountry "NED"]
[Tiebreak "Direct encounter+Number of black games"]
[SourceTitle "playchess.com"]
[Source "ChessBase"]
[SourceQuality "1"]

{[%evp 9,67,0,-2,6,0,0,-8,4,6,0,0,0,0,0,0,0,14,14,10,12,11,27,51,36,50,45,50,
16,97,66,76,53,66,12,118,94,123,46,129,132,140,126,136,133,149,131,145,132,147,
138,180,152,162,169,459,464,474,464,695,669]} 1. d4 Nf6 2. Nf3 g6 3. Nbd2 Bg7
4. e4 {[%cal Be2e4,Be4e5][%mdl 32]} O-O 5. e5 Nh5 6. g4 {A48: 1 d4 Nf6 2 Nf3
g6: Torre, London and Colle Systems.} Nf4 7. Ne4 d5 8. Ng3 {The position is
equal.} Ne6 {[#]} 9. Nf5 $1 c5 10. Nxg7 Nxg7 11. h3 cxd4 {[#]} 12. Bh6 $146 ({
Predecessor:} 12. Nxd4 Nc6 13. Bg2 Nxe5 14. O-O Nc6 15. Re1 Re8 16. Bh6 e5 17.
Nxc6 bxc6 18. c4 {1-0 (64) Doluhanova,E (2264)-Dolzhikova,K (2161) Kharkov 2021
}) 12... Qa5+ 13. Qd2 $1 Qxd2+ 14. Nxd2 Nc6 15. f4 f6 16. exf6 exf6 17. O-O-O
Re8 18. Nb3 Ne6 (18... Bf5 $11) 19. Bg2 Nc7 20. f5 gxf5 21. Rhf1 (21. g5 $14)
21... Kf7 (21... fxg4 $11 {keeps the balance.} 22. Rxf6 Ne5) 22. gxf5 $16 Rg8
23. Rd2 {White is more active.} (23. Bh1 $16) 23... Ne5 ({Better is} 23... Bxf5
$14 24. Rxf5 Kg6) 24. Nxd4 {[%cal Od4b5] [#] And now Nb5! would win.} Bd7 {
Inhibits Nb5.} 25. b3 Rae8 26. a4 a6 27. Bf4 {This bishop pair is nice.} Re7
28. Rff2 Bc6 29. Kb2 Rd7 (29... h5 $16 30. Bf3 Rh8) 30. Ka3 Ne8 31. c4 $1 {
[%cal Bc2c4,Bc4d5,Bd5c6][%mdl 32]} Ng7 $2 (31... Nc7 {keeps fighting.} 32. Bf1
Ra8) 32. Nxc6 $18 {White is clearly winning.} bxc6 33. cxd5 Rgd8 (33... c5 $142
34. d6 Re8) 34. dxc6 {Weighted Error Value: White=0.10 (very precise) /Black=0.
38} 1-0

[Event "84th Tata Steel Masters 2022"]
[Site "Wijk aan Zee"]
[Date "2022.01.23"]
[Round "8.6"]
[White "Caruana, Fabiano"]
[Black "Van Foreest, Jorden"]
[Result "1/2-1/2"]
[WhiteElo "2792"]
[BlackElo "2702"]
[Annotator "TA"]
[PlyCount "53"]
[EventDate "2022.01.15"]
[EventType "tourn"]
[EventCountry "NED"]
[Tiebreak "Direct encounter+Number of black games"]
[SourceTitle "playchess.com"]
[Source "ChessBase"]
[SourceQuality "1"]

{[%evp 23,53,0,0,0,0,0,0,6,6,11,6,0,0,0,0,0,0,0,9,0,0,0,10,-8,-8,-4,-13,-11,0,
0,0,0]} 1. e4 e5 2. Nf3 Nc6 3. Bb5 a6 4. Ba4 Nf6 5. O-O Nxe4 6. d4 b5 7. Bb3 d5
8. dxe5 Be6 9. c3 Bc5 10. Nbd2 O-O 11. Bc2 Nxf2 12. Rxf2 f6 {The position is
equal.} 13. Nf1 $1 {[%mdl 4] now scores much better than the old 13.exf6. C82:
Open Ruy Lopez: 9 c3 without 9...Be7.} Bxf2+ 14. Kxf2 fxe5 {[#] White must now
prevent ...e4.} 15. Kg1 {[%cal Oc2h7] And now Bxh7+! would win.} Qd6 16. Be3
Rad8 $132 {[%mdl 2048] Black puts up resistance} 17. Qe1 Bf5 {[#]} 18. Bxf5
$146 ({Predecessor:} 18. Bb3 Na5 19. Qf2 Nb7 20. Re1 Bg4 21. Qg3 Bxf3 22. gxf3
Na5 23. Bc2 Nc4 24. Bc1 {1-0 (69) Roy,R (2184)-Nurtawa,S (2027) ICCF email 2020
}) 18... Rxf5 19. Rd1 h6 {Prevents Bg5.} 20. Bf2 Rf7 21. Bg3 Qc5+ 22. Bf2 Qd6
23. Qe2 Rdf8 {[#] Hoping for ...e4.} 24. Bg3 Qc5+ 25. Bf2 Qd6 {...e4 is the
strong threat.} 26. Bg3 Qc5+ 27. Bf2 {A balanced but interesting game. 
Weighted Error Value: White=0.03 (flawless) /Black=0.03 (flawless)} 1/2-1/2

[Event "84th Tata Steel Masters 2022"]
[Site "Wijk aan Zee"]
[Date "2022.01.23"]
[Round "8.7"]
[White "Dubov, Daniil"]
[Black "Duda, Jan-Krzysztof"]
[Result "1/2-1/2"]
[WhiteElo "2720"]
[BlackElo "2760"]
[Annotator "TA"]
[PlyCount "94"]
[EventDate "2022.01.15"]
[EventType "tourn"]
[EventCountry "NED"]
[Tiebreak "Direct encounter+Number of black games"]
[SourceTitle "playchess.com"]
[Source "ChessBase"]
[SourceQuality "1"]

{[%evp 18,94,12,14,27,17,27,16,8,8,4,9,13,0,0,0,2,0,0,0,0,0,0,0,0,0,0,0,0,0,0,
0,0,0,0,0,0,0,0,-70,-70,-70,-70,-70,-70,-104,-43,-131,-131,-131,-131,-170,-143,
-115,-110,-83,0,0,0,0,0,0,0,0,0,0,0,0,0,0,0,0,0,0,0,0,0,0,0]} 1. d4 Nf6 2. c4
e6 3. Nf3 d5 4. g3 dxc4 5. Bg2 c5 6. O-O Nc6 7. Qa4 Bd7 8. Qxc4 cxd4 9. Nxd4
Rc8 10. Nc3 Nxd4 {E04: Open Catalan: 5 Nf3.} 11. Qxd4 Bc5 12. Qf4 Bc6 13. Bxc6+
Rxc6 14. Rd1 Qc8 15. Be3 O-O {[#]} 16. Bd4 $146 ({Predecessor:} 16. Rd3 a6 17.
Rad1 Be7 18. Bd4 b5 19. Be5 Rc4 20. Qf3 Qc6 21. Qxc6 Rxc6 22. f3 {0-1 (56)
Kachar,V (2373)-Kanko,I (2265) Naumburg 2002}) 16... Bxd4 17. Rxd4 Re8 {
[#] Hoping for ...e5.} 18. Rd6 Rxd6 19. Qxd6 Rd8 20. Qf4 h6 21. Rc1 Qc6 {
To avoid Ne4} 22. Qe3 a6 23. f3 Nd5 24. Nxd5 Qxd5 $11 {[%mdl 4096] Endgame
KQR-KQR} 25. b3 Qd2 26. Qxd2 Rxd2 {KR-KR} 27. Rc8+ Kh7 28. Kf2 ({White should
play} 28. a4 $11) 28... b5 $1 $15 ({Don't play} 28... Rxa2 29. Rc7 $11) 29. a4
bxa4 30. bxa4 Rd4 $1 31. h4 Kg6 (31... a5 $17 32. Ra8 Rxa4) 32. Rc5 ({Better is
} 32. a5 $15) 32... Rxa4 $17 33. h5+ Kf6 34. f4 a5 35. Kf3 Ra1 36. g4 a4 (36...
Ra3+ $17 37. e3 g5 38. hxg6 Kxg6) 37. g5+ $11 {The position is equal.} Ke7 {
Threatens to win with ...a3.} 38. Rc7+ Ke8 39. g6 fxg6 40. hxg6 a3 {[#] aiming
for ...a2.} 41. Kf2 a2 (41... Rd1 $5 42. Ra7 Rd7 43. Rxa3 Ke7 $11) 42. Ra7 Kd8
43. Kg2 $1 Ke8 44. Kf2 h5 {[%cal Bh6h5,Bh5h4,Bh4h3][%mdl 32]} 45. Kg2 $1 h4 46.
e4 h3+ 47. Kh2 Re1 {Weighted Error Value: White=0.08 (flawless) /Black=0.05 
(flawless)} 1/2-1/2